00654nam a2200181Ia 4500952013700000999001700137003000400154005001700158008004100175020001500216040000900231082002200240100002700262245007800289260004600367300000900413942005000422 00102ddc40708HISTORYaMESbMEScHISd2019-02-20g280.00l0o954.031092 GRO/Rp23126r2019-02-20 00:00:00w2019-02-20yBKzGL37R1 c20545d20545OSt20200624144954.0190216s9999||||xx |||||||||||||| ||und|| a8176290009 coclc a954.031092bGRO/R aGrover, Verinder92523 0aRaja Ram Mohun Roy A Biography Of His Vision And Ideas /cVerinder Grover bDeep&Deep Publications,c1998.aNewdelhi: a620p cBK2ddch954.031092iGRO/Rk954.031092mGRO/R